[Event "Moscow ol (Men)"]
[Site "Moscow"]
[Date "1994.??.??"]
[Round "5"]
[White "Hjartarson, Johann"]
[Black "Malisauskas, Vidmantas"]
[Result "1/2-1/2"]
[WhiteElo "2585"]
[BlackElo "2510"]

1.Nf3 Nf6 2.c4 g6 3.Nc3 c5 4.g3 Bg7 5.Bg2 d5 6.cxd5 Nxd5 7.Qa4+ Nc6 8.Ng5 e6
9.Nge4 Nb6 10.Qb5 c4 11.Na4 O-O 12.Nxb6 axb6 13.Qxc4 e5 14.d3 Be6 15.Bg5 Bxc4
16.Bxd8 Rfxd8 17.dxc4 Nd4 18.Rc1 Rxa2 19.e3 Nc6 20.Rb1 Ra4 21.b3 Ra3 22.g4 Rd3
23.Ke2 Rdxb3 24.Rxb3 Rxb3 25.Rd1 b5 26.c5 Rb2+ 27.Ke1 Bf8 28.Rd7 Nb4 29.g5 Rc2
30.Nf6+ Kg7 31.Bh3 Nc6 32.Ne8+ Kg8 33.Nf6+ Kg7 34.Nd5 e4 35.Rxb7 Ne5 36.Nf6 Nf3+
37.Kd1 Rxc5 38.Ne8+ Kg8 39.Nf6+ Kg7  1/2-1/2

[Event "Moscow ol (Men)"]
[Site "Moscow"]
[Date "1994.??.??"]
[Round "7"]
[White "Mohandesi, Shahin"]
[Black "Mannion, Stephen R"]
[Result "1-0"]
[WhiteElo "2320"]
[BlackElo "2355"]

1.Nf3 Nf6 2.c4 c5 3.Nc3 b6 4.g3 Bb7 5.Bg2 g6 6.O-O Bg7 7.d4 cxd4 8.Qxd4 d6
9.Bg5 Nbd7 10.Qd2 Rc8 11.b3 Nc5 12.Rac1 Nce4 13.Nxe4 Nxe4 14.Qd3 Nxg5 15.Nxg5 Bxg2
16.Kxg2 O-O 17.e3 Qd7 18.Nh3 Rc5 19.Nf4 Qb7+ 20.Kg1 b5 21.cxb5 Rxb5 22.Rfd1 Be5
23.Nd5 e6 24.Nc3 Rc5 25.Ne2 Rd5 26.Qc2 Rxd1+ 27.Qxd1 d5 28.Qc2 Qa6 29.Kg2 Rb8
30.Ng1 Bd6 31.Nf3 Ba3 32.Qc6 Qb6 33.Qxb6 axb6 34.Rc7 h6 35.Nd4 Bd6 36.Rd7 Bc5
37.Nc6 Ra8 38.a4 Rc8 39.Nd8 Bf8 40.Nxf7 Rc3 41.Ne5 g5 42.Rb7 Bg7 43.Nd7 d4
44.Rxb6 d3 45.Kf3 Kf7 46.g4 d2 47.Rd6 Rc2 48.Nb6 Bc3 49.Nc4 Bb4 50.Rd3 e5
51.e4 Rc3 52.Ke2 d1=Q+ 53.Rxd1 Rxb3 54.Nxe5+ Ke6 55.Nd3 Bd6 56.Ra1 Rc3 57.Kd2 Rc4
58.e5 Bb8 59.f3 Ba7 60.a5 Kd5 61.Re1 Ra4 62.e6 Ra2+ 63.Kc3 Rxa5 64.Re5+  1-0

[Event "Moscow PCA-op rapid"]
[Site "Moscow"]
[Date "1994.??.??"]
[Round "9"]
[White "Panchenko, Alexander N"]
[Black "Agdestein, Simen"]
[Result "0-1"]
[WhiteElo "2480"]
[BlackElo "2595"]

1.Nf3 Nf6 2.c4 c5 3.Nc3 b6 4.g3 Bb7 5.Bg2 g6 6.O-O Bg7 7.d3 O-O 8.e4 d6 9.h3 Nc6
10.Be3 a6 11.Qd2 Nd7 12.d4 cxd4 13.Nxd4 Rc8 14.b3 Re8 15.Rac1 Nc5 16.h4 h5
17.Nxc6 Bxc6 18.Bd4 Bf8 19.Nd5 Nd7 20.f4 e6 21.Nc3 e5 22.Bf2 exf4 23.gxf4 Nf6
24.Rce1 Ng4 25.Bg3 Be7 26.Bh3 Bxh4 27.Qg2 b5 28.Qf3 f5 29.Nd5 Bxd5 30.cxd5 Rxe4
31.Rxe4 fxe4 32.Qxe4 Kg7 33.Bxg4 hxg4 34.Kg2 Rc3 35.Bxh4 Qxh4 36.Qd4+ Qf6
37.Qxf6+ Kxf6 38.Re1 Kf5 39.Re6 Kxf4 40.Rxd6 Rc2+ 41.Kf1 Rxa2 42.Rxg6 a5
43.Rf6+ Ke5 44.Rb6 b4 45.d6 Ke6 46.Ra6 a4 47.bxa4 b3  0-1

[Event "Moscow ol (Men)"]
[Site "Moscow"]
[Date "1994.??.??"]
[Round "12"]
[White "Gulko, Boris F"]
[Black "Marin, Mihail"]
[Result "1-0"]
[WhiteElo "2590"]
[BlackElo "2520"]

1.c4 Nf6 2.Nc3 c5 3.Nf3 e6 4.g3 b6 5.Bg2 Bb7 6.O-O a6 7.Re1 Be7 8.e4 d6 9.d4 cxd4
10.Nxd4 Qc7 11.b3 O-O 12.Bb2 Re8 13.Rc1 Nbd7 14.Rc2 Bf8 15.f4 Rad8 16.Rd2 Qb8
17.Bf3 h5 18.Bxh5 e5 19.Nc2 b5 20.Bf3 bxc4 21.f5 d5 22.exd5 cxb3 23.axb3 Nc5
24.Ne3 e4 25.Be2 Bd6 26.Bc4 Nd3 27.Nxe4 Nxe4 28.Rxd3 Bxg3 29.Re2 Be5 30.Ng4 Bxb2
31.Rxb2 Qf4 32.Rg2 Kf8 33.Rf3 Qd6 34.f6 Qc5+ 35.Kh1 Nxf6 36.Nxf6 gxf6 37.Rd2 Re6
38.Rf4 Red6 39.Re2 Kg7 40.Rg2+  1-0

[Event "JUG-chT"]
[Site "Nis"]
[Date "1994.??.??"]
[Round "?"]
[White "Jakovljevic, Vladan"]
[Black "Marinkovic, Ivan"]
[Result "0-1"]
[WhiteElo "2230"]
[BlackElo "2445"]

1.Nf3 Nf6 2.c4 c5 3.Nc3 b6 4.g3 Bb7 5.Bg2 g6 6.O-O Bg7 7.d4 cxd4 8.Qxd4 d6
9.Rd1 Nbd7 10.b3 O-O 11.Bb2 a6 12.Qd3 Nc5 13.Qd2 b5 14.Nd5 Nce4 15.Nxf6+ Bxf6
16.Qc2 Bxb2 17.Qxb2 bxc4 18.bxc4 Rb8 19.Qd4 Qc7 20.Nd2 Nxd2 21.Bxb7 Rxb7
22.Rxd2 Rc8 23.Rc1 Rb6 24.Rd3 Rc6 25.Kg2 Rxc4 26.Rxc4 Qxc4 27.Qxc4 Rxc4 28.Ra3 Rc6
29.h4 Kg7 30.Kf3 f5 31.Ke3 Kf6 32.Ra5 h6 33.Kd3 Rb6 34.Ke3 e6 35.Kd3 g5 36.hxg5+ hxg5
37.Ke3 Rc6 38.Kd3 g4 39.e4 e5 40.exf5 Kxf5 41.Ke3 Ke6 42.Ra4 d5 43.Rxg4 Rc3+
44.Kd2 Rf3 45.Ke2 Ra3 46.Rg8 Rxa2+ 47.Ke3 Ra3+ 48.Ke2 d4 49.g4 Ra1 50.g5 a5
51.g6 Kf6 52.f4 exf4 53.Kf3 a4  0-1

[Event "NLD-chT9495"]
[Site "?"]
[Date "1994.??.??"]
[Round "8"]
[White "Jolles, Hajo"]
[Black "Oei, Hway Ik"]
[Result "0-1"]
[WhiteElo "2250"]
[BlackElo "2255"]

1.c4 c5 2.Nf3 Nf6 3.Nc3 e6 4.d4 cxd4 5.Nxd4 a6 6.g3 Qc7 7.Qd3 b6 8.Bg2 Bb7
9.e4 d6 10.b3 Nbd7 11.Bb2 Be7 12.O-O O-O 13.Rad1 Rfe8 14.Rfe1 Bf8 15.h3 Rad8
16.g4 Ne5 17.Qg3 Nfd7 18.Kh1 Ng6 19.h4 Nf6 20.Nde2 Ne5 21.g5 Nh5 22.Qh3 g6
23.f4 Nd7 24.Bf3 Ng7 25.h5 Nxh5 26.Bxh5 gxh5 27.Ng3 Bg7 28.Nxh5 Bh8 29.Na4 b5
30.Nf6+ Bxf6 31.Bxf6 Nxf6 32.gxf6 Kh8 33.Rd2 Qa5 34.Nc3 bxc4 35.Rh2 Qf5 36.Qh4 Rg8
37.bxc4 Rg4 38.Qh6 Rdg8 39.Rh5 Qg6 40.Qxg6 fxg6 41.Rh2 Rxf4 42.Rb2 Bc6 43.Rb6 Rc8
44.Rd1 Bxe4+ 45.Nxe4 Rxe4 46.Rbxd6 Rf8 47.Rc1 Rxf6 48.c5 Rff4 49.c6 Rc4 50.Rd8+ Kg7
51.Rd7+ Kh6 52.Rdd1 Rxc1 53.Rxc1 Rf8 54.Rc5 Rc8 55.Kg2 Kg7 56.Kf3 Kf6 57.Ke4 h5
58.Rc1 h4 59.Kd4 g5 60.Kc5 h3 61.Kb6 g4  0-1

[Event "NLD-sf"]
[Site "?"]
[Date "1994.??.??"]
[Round "1"]
[White "Van der Werf, Mark"]
[Black "Van den Donk, L."]
[Result "0-1"]
[WhiteElo "2430"]
[BlackElo "2065"]

1.Nf3 c5 2.c4 Nf6 3.Nc3 d5 4.cxd5 Nxd5 5.g3 Nc6 6.Bg2 Nc7 7.d3 e5 8.Nd2 Be6
9.Bxc6+ bxc6 10.Qa4 Bd7 11.Nc4 Be7 12.Nxe5 O-O 13.Nxc6 Bf6 14.Qe4 Bxc3+ 15.bxc3 Qf6
16.Ne7+ Kh8 17.O-O Be6 18.Qh4 Qxh4 19.gxh4 Rfe8 20.Nc6 Bd5 21.Na5 Rxe2 22.c4 Bf3
23.Nb3 Ne6 24.Be3 Rd8 25.Nxc5 Nxc5 26.Bxc5 Rxd3 27.Bxa7 Ra3 28.Rab1 h5 29.Bb6 Re4
30.Rfc1 Rg4+ 31.Kf1 Rxa2  0-1

[Event "NLD-sf"]
[Site "?"]
[Date "1994.??.??"]
[Round "3"]
[White "Van Doeland, Julius H"]
[Black "Galje, Hans"]
[Result "1/2-1/2"]
[WhiteElo "2310"]
[BlackElo "2070"]

1.c4 Nf6 2.Nc3 c5 3.Nf3 d5 4.cxd5 Nxd5 5.g3 Nc6 6.Bg2 Nc7 7.O-O e5 8.d3 Be7
9.Nd2 Bd7 10.Nc4 f6 11.f4 b5 12.Ne3 exf4 13.Rxf4 Rc8 14.Nf5 Ne6 15.Rf2 Ncd4
16.Nxe7 Qxe7 17.e3 Nc6 18.Nxb5 O-O 19.Nc3 Ng5 20.Nd5 Qd6 21.Nf4 Ne5 22.Qb3+ Kh8
23.Bd2 Bc6 24.e4 Rfd8 25.h4 Ngf7 26.Nd5 Rb8 27.Qc3 Bxd5 28.exd5 Nd7 29.Bf4 Nfe5
30.Rc1 Qa6 31.d4 cxd4 32.Qxd4 Qxa2 33.Rfc2 a5 34.Qd1 Qb3 35.Qf1 Nb6 36.Bxe5 fxe5
37.Qe1 Nxd5 38.Qxe5 Qe3+ 39.Qxe3 Nxe3 40.Re2 Nxg2 41.Kxg2 h6 42.Rc5 Rb3 43.Rxa5 Rdd3
44.h5 Rxg3+ 45.Kf2 Rh3 46.Kg2  1/2-1/2

[Event "NLD-sf"]
[Site "?"]
[Date "1994.??.??"]
[Round "5"]
[White "Theulings, Paul Peter"]
[Black "Oei, Hway Ik"]
[Result "0-1"]
[WhiteElo "2065"]
[BlackElo "2265"]

1.Nf3 c5 2.c4 Nf6 3.Nc3 e6 4.d4 cxd4 5.Nxd4 a6 6.g3 Qc7 7.e3 b6 8.Bg2 Bb7
9.Bxb7 Qxb7 10.Qf3 Qxf3 11.Nxf3 Nc6 12.b3 Rb8 13.Ke2 Be7 14.Rd1 O-O 15.Bd2 Rfd8
16.Be1 Ba3 17.Nd4 Nxd4+ 18.Rxd4 b5 19.cxb5 axb5 20.Rd3 d5 21.Rad1 Rdc8 22.f3 Be7
23.a4 bxa4 24.bxa4 Nd7 25.Rb1 Rxb1 26.Nxb1 Rb8 27.Nc3 Rb3 28.a5 Bb4 29.a6 Ra3
30.Nb5 Rxd3 31.Bxb4 Rb3 32.a7 Nb6 33.Bc5 Na8 34.Nd6 Rc3 35.Bd4 Rc6 36.Nb5 f6
37.f4 Kf7 38.Kd3 Ke7 39.g4 h6 40.h4 Ra6 41.Bc5+ Ke8 42.Kc3 Ra1 43.Kb4 g6
44.Bd4 Rb1+ 45.Kc5 Kd7 46.Bxf6 Rg1 47.Be5 Rg2 48.Bb8 Ra2 49.Kd4 Ra5 50.Kc5 Ra4
51.Nd6 Ra3 52.Kd4 Nb6 53.Nb5 Ra4+ 54.Ke5 Ke7 55.Bd6+ Kf7 56.Bc5 Nc4+ 57.Kd4 Nd6+  0-1

[Event "NOR-chT east"]
[Site "NOR"]
[Date "1994.??.??"]
[Round "8"]
[White "Ostenstad, Berge"]
[Black "Agdestein, Simen"]
[Result "0-1"]
[WhiteElo "2475"]
[BlackElo "2595"]

1.Nf3 c5 2.c4 Nf6 3.Nc3 b6 4.e4 d6 5.d4 cxd4 6.Nxd4 Bb7 7.Bd3 Nbd7 8.Qe2 Rc8
9.b3 g6 10.O-O Bg7 11.Bb2 O-O 12.Rad1 a6 13.Bb1 Re8 14.Rfe1 e6 15.Qd2 Bf8
16.f3 Qc7 17.Rc1 Qb8 18.Bd3 h5 19.Bf1 Kh7 20.Qf2 Bg7 21.Rcd1 Rh8 22.Qh4 Kg8
23.Kh1 Re8 24.Nc2 Rd8 25.Nd4 Ne8 26.f4 Bf6 27.Qf2 h4 28.Kg1 Ng7 29.Be2 Be7
30.Bg4 Nf6 31.Bh3 Qc7 32.f5 e5 33.fxg6 exd4 34.Nd5 Bxd5 35.exd5 fxg6 36.Bxd4 Rf8
37.Bxb6 Qb7 38.Bd4 Nxd5 39.Qb2 Nf6 40.Rf1 Nfh5 41.Bg4 Kh7 42.Bxh5 Nxh5 43.Bxh8 Rxh8
44.Rf7+ Kg8 45.Qf2 Rh7 46.Rf1 Qc7 47.Qf3 Rg7 48.Rxg7+ Kxg7 49.Qf7+ Kh6 50.Re1 Qc5+
51.Kh1 Bf6 52.Rf1 Be5 53.Qe7 Qd4 54.Qf8+ Kg5 55.Qf2 Nf6 56.Qxd4 Bxd4 57.Re1 Kf5
58.Re7 Bc5 59.Rf7 a5 60.Rf8 Bb4 61.Rb8 Kf4 62.Rf8 Ke5 63.Rh8 g5 64.g3 hxg3
65.hxg3 Ne4 66.Kg2 Nc3 67.Rg8 Nxa2 68.Rxg5+ Ke4 69.Rg4+ Kd3 70.Rf4 Nc1 71.Rf3+ Kc2
72.g4 Bd2 73.Rf6 Nxb3 74.Rxd6 a4  0-1

[Event "Orange op"]
[Site "Orange"]
[Date "1994.??.??"]
[Round "9"]
[White "Mollov, Elin"]
[Black "Ungureanu, Emil"]
[Result "1-0"]
[WhiteElo "2380"]
[BlackElo "2320"]

1.Nf3 c5 2.c4 Nf6 3.Nc3 b6 4.g3 Bb7 5.Bg2 g6 6.O-O Bg7 7.a3 O-O 8.b4 cxb4
9.axb4 Ne4 10.Bb2 Nxc3 11.Bxc3 Bxc3 12.dxc3 Qc7 13.Qd4 d6 14.h4 Nd7 15.h5 Nf6
16.hxg6 hxg6 17.Nd2 Bxg2 18.Kxg2 Kg7 19.Rh1 a5 20.Ne4 Rac8 21.Nxf6 exf6 22.Rh7+  1-0

[Event "Oslo op"]
[Site "Oslo"]
[Date "1994.??.??"]
[Round "8"]
[White "Johannessen, Svein"]
[Black "Lauvas, Dag"]
[Result "1/2-1/2"]
[WhiteElo "2330"]
[BlackElo "2220"]

1.c4 Nf6 2.Nc3 c5 3.Nf3 b6 4.e4 d6 5.d4 cxd4 6.Nxd4 Bb7 7.Bd3 g6 8.O-O Bg7
9.Be3 O-O 10.f3 Nbd7 11.Qd2 Rc8  1/2-1/2

[Event "Ostrava"]
[Site "Ostrava"]
[Date "1994.??.??"]
[Round "8"]
[White "Kortschnoj, Viktor"]
[Black "Ftacnik, Lubomir"]
[Result "1/2-1/2"]
[WhiteElo "2615"]
[BlackElo "2565"]

1.c4 Nf6 2.Nc3 c5 3.Nf3 e6 4.g3 b6 5.Bg2 Bb7 6.O-O Be7 7.Re1 Ne4 8.Nxe4 Bxe4
9.d3 Bb7 10.e4 Nc6 11.d4 cxd4 12.Nxd4 Nxd4 13.Qxd4 O-O 14.Bf4 d6 15.Qd3 Qc7
16.Rac1 a5 17.Red1 Rfd8 18.Be3 Bc6 19.Qb3 Rab8 20.Bd4 Qb7 21.Re1 e5 22.Bc3 a4
23.Qd1 f5 24.b4 axb3 25.axb3 fxe4 26.Qg4 e3 27.Bxe5 exf2+ 28.Kxf2 Rf8+ 29.Kg1 dxe5
30.Qe6+ Kh8 31.Bxc6 Bc5+ 32.Kh1 Qc7 33.Rf1 Qd6 34.Qxd6 Bxd6 35.Kg2 g6 36.h4 Bc5
37.Bd5 Rxf1 38.Rxf1 Rf8 39.b4 Bxb4 40.Rxf8+ Bxf8 41.g4 Be7 42.h5 Kg7 43.hxg6 hxg6
44.Kf3 Kf6 45.Ke4 Bc5 46.Bg8 Kg5 47.Bf7 Kxg4  1/2-1/2

[Event "Passau op"]
[Site "Passau"]
[Date "1994.??.??"]
[Round "?"]
[White "Nedela, Vlastimil"]
[Black "Bischoff, Klaus"]
[Result "0-1"]
[WhiteElo "2405"]
[BlackElo "2500"]

1.c4 c5 2.Nc3 Nf6 3.Nf3 e6 4.e3 g6 5.d4 Bg7 6.Be2 O-O 7.O-O b6 8.dxc5 bxc5
9.e4 Bb7 10.Qc2 Nc6 11.Be3 Qa5 12.a3 Ng4 13.Bd2 Qc7 14.Nb5 Qb8 15.h3 Nge5
16.Nxe5 Qxe5 17.Qd3 Nd4 18.Nc3 f5 19.exf5 gxf5 20.f4 Qf6 21.Kh2 Qg6 22.Qg3 Qxg3+
23.Kxg3 Rab8 24.Bd1 Ba6 25.Na4 Bxc4 26.Re1 d6 27.b4 Nb3 28.Ra2 Nxd2 29.Rxd2 cxb4
30.axb4 Rfd8 31.Re3 Rxb4 32.Nc5 e5 33.Ra3 Bh6 34.Nd3 Rb7 35.Nxe5 Bxf4+  0-1

[Event "PER-ch"]
[Site "Peru"]
[Date "1994.??.??"]
[Round "10"]
[White "Cruz, Filemon"]
[Black "Fuentes, Moises"]
[Result "1-0"]
[WhiteElo "2405"]
[BlackElo "2380"]

1.c4 Nf6 2.Nf3 g6 3.Nc3 c5 4.g3 Bg7 5.Bg2 O-O 6.O-O d5 7.d3 Nc6 8.cxd5 Nxd5
9.Nxd5 Qxd5 10.Be3 Qh5 11.Rc1 Nd4 12.Nxd4 cxd4 13.Bd2 Qb5 14.b4 Qb6 15.a4 Rb8
16.a5 Qd6 17.b5 Bg4 18.Qb3 Qd7 19.Rfe1 Be6 20.Qb4 Bd5 21.Bxd5 Qxd5 22.Rc5 Qd7
23.b6 axb6 24.axb6 e5 25.Rc7 Qf5 26.Qb3 Bf6 27.Bb4 Bg7 28.Bxf8 Bxf8 29.Qd5  1-0

[Event "World op"]
[Site "Philadelphia"]
[Date "1994.??.??"]
[Round "?"]
[White "Petursson, Margeir"]
[Black "Rowley, Robert"]
[Result "1-0"]
[WhiteElo "2550"]
[BlackElo "2365"]

1.c4 c5 2.Nf3 Nf6 3.Nc3 g6 4.d4 cxd4 5.Nxd4 Bg7 6.e4 d6 7.Be2 O-O 8.O-O Nc6
9.Be3 a6 10.Qd2 Ng4 11.Bxg4 Bxg4 12.h3 Bd7 13.Rad1 Rc8 14.b3 b5 15.cxb5 Nxd4
16.Bxd4 axb5 17.Rfe1 Bc6 18.Bxg7 Kxg7 19.Qd4+ f6 20.Nd5 Bxd5 21.exd5 Qd7
22.Rc1 Rxc1 23.Rxc1 Rc8 24.Rxc8 Qxc8 25.a4 Qc1+ 26.Kh2 bxa4 27.bxa4 Kf7 28.a5 Qa3
29.Qb6 h5 30.h4 Qa4 31.g3 Qa2 32.a6 g5 33.hxg5 fxg5 34.a7 h4 35.Qe3 Qxd5
36.gxh4 gxh4 37.Qf4+ Kg7 38.Qxh4 Kf7 39.Qh7+  1-0

[Event "World op"]
[Site "Philadelphia"]
[Date "1994.??.??"]
[Round "?"]
[White "Dlugy, Maxim"]
[Black "Chow, Albert"]
[Result "1-0"]
[WhiteElo "2555"]
[BlackElo "2310"]

1.Nf3 c5 2.c4 Nf6 3.Nc3 d5 4.cxd5 Nxd5 5.g3 Nc6 6.Bg2 Nc7 7.d3 e5 8.O-O Be7
9.Nd2 Bd7 10.Nc4 f6 11.a4 O-O 12.f4 exf4 13.gxf4 Be6 14.f5 Bf7 15.Kh1 Qd7
16.Bf4 Ne8 17.a5 Nd6 18.Qa4 Rac8 19.a6 b6 20.Nxd6 Bxd6 21.Bxd6 Qxd6 22.Nb5 Qe5
23.Bxc6 Rxc6 24.Nxa7 Rd6 25.Nb5 Rdd8 26.Nc3 Rd4 27.Qc6 Rb4 28.a7  1-0

[Event "Polanica Zdroj op"]
[Site "Polanica Zdroj"]
[Date "1994.??.??"]
[Round "?"]
[White "Matlak, Marek"]
[Black "Karniewski, Zbigniew"]
[Result "1-0"]
[WhiteElo "2485"]
[BlackElo "2190"]

1.Nf3 c5 2.c4 e6 3.Nc3 Nf6 4.g3 b6 5.Bg2 Bb7 6.O-O Nc6 7.d4 Nxd4 8.Nxd4 Bxg2
9.Kxg2 cxd4 10.Qxd4 Rc8 11.b3 Bc5 12.Qd3 O-O 13.Bf4 d5 14.cxd5 Bb4 15.Bd2 Bxc3
16.Bxc3 Qxd5+ 17.Qxd5 Nxd5 18.Bd4 e5 19.Bxe5 Rfe8 20.Rac1 Rcd8 21.e4 Rxe5
22.Rfd1 g6 23.Rxd5 Rdxd5 24.exd5 Rxd5 25.Rc7 a5 26.Rc6 b5 27.Ra6 a4 28.bxa4 b4
29.Rb6 Rd2 30.Rxb4 Rxa2 31.Kf3 Kg7 32.h4 h6 33.Ke3 g5 34.h5 Kf6 35.g4 Ra1
36.Kd4 Rf1 37.Kc5 Rxf2 38.a5 Ra2 39.Kb6 Ke5 40.a6 f5 41.Rb5+ Ke6 42.Rxf5 Ra4
43.a7 Ra1  1-0

[Event "CRO-ch (Women)"]
[Site "Porec"]
[Date "1994.??.??"]
[Round "?"]
[White "Petek Medic, Mirjana"]
[Black "Zelic, Marina"]
[Result "1-0"]
[WhiteElo "2285"]
[BlackElo "2050"]

1.c4 c5 2.Nc3 Nf6 3.Nf3 d5 4.cxd5 Nxd5 5.g3 g6 6.Bg2 Bg7 7.O-O O-O 8.Nxd5 Qxd5
9.d3 Nc6 10.Ng5 Qd7 11.Rb1 b6 12.Bd2 Bb7 13.Bc3 e5 14.Re1 h6 15.Nf3 Nd4 16.Nd2 Bxg2
17.Kxg2 Nb5 18.a4 Nxc3 19.bxc3 Rab8 20.c4 f5 21.Qc2 Rfd8 22.Nf1 f4 23.Nd2 Rf8
24.Ne4 g5 25.h3 Rbd8 26.g4 h5 27.f3 hxg4 28.hxg4 Bf6 29.Rh1 Kg7 30.Rh5 Rh8
31.Rbh1 Rxh5 32.Rxh5 Kg6 33.d4 exd4 34.Nd6+  1-0

[Event "Portoroz op"]
[Site "Portoroz"]
[Date "1994.??.??"]
[Round "?"]
[White "Muhtarov, Leonid"]
[Black "Zelcic, Robert"]
[Result "0-1"]
[WhiteElo "2180"]
[BlackElo "2460"]

1.c4 e6 2.Nf3 Nf6 3.Nc3 c5 4.g3 Nc6 5.Bg2 d5 6.cxd5 exd5 7.d4 Be7 8.O-O O-O
9.dxc5 Bxc5 10.Bg5 d4 11.Bxf6 Qxf6 12.Nd5 Qd8 13.Ne1 Be6 14.Nf4 Bf5 15.Ned3 Bb6
16.Rc1 Qd6 17.Qa4 Rac8 18.Qb5 Bd7 19.Nc5 Bxc5 20.Qxc5 Qh6 21.Qb5 Rb8 22.Rc5 Rfe8
23.Rd5 Bg4 24.Re1 a6 25.Qc5 Qf6 26.h3 Bc8 27.Rd6 Qe7 28.Bxc6 bxc6 29.b3 d3
30.Nxd3 Bxh3 31.Nf4 Bc8 32.Red1 h6 33.Rxc6 Qe4 34.Qc4 Qf5 35.Rc5 Qg4 36.Rc7 Qf5
37.Rd5 Qb1+ 38.Kh2 Bb7 39.e4  0-1

[Event "Rishon Le Ziyyon"]
[Site "Rishon Le Ziyyon"]
[Date "1994.??.??"]
[Round "7"]
[White "Beim, Valery"]
[Black "Alterman, Boris"]
[Result "1/2-1/2"]
[WhiteElo "2545"]
[BlackElo "2585"]

1.Nf3 c5 2.c4 Nf6 3.Nc3 d5 4.cxd5 Nxd5 5.g3 Nc6 6.Bg2 Nc7 7.Qa4 Bd7 8.Qe4 g6
9.Ne5 Bg7 10.Nxd7 Qxd7 11.O-O Rc8 12.d3 O-O 13.Be3 Ne6 14.Qd5 Qxd5 15.Bxd5 Ned4
16.Rfc1 b6 17.Bg2 Nb4 18.Bxd4 Bxd4  1/2-1/2

[Event "ROM-chT"]
[Site "ROM"]
[Date "1994.??.??"]
[Round "?"]
[White "Neamtu, Serban"]
[Black "Foisor, Ovidiu"]
[Result "0-1"]
[WhiteElo "2330"]
[BlackElo "2435"]

1.Nf3 Nf6 2.c4 c5 3.Nc3 e6 4.e3 d5 5.d4 Nc6 6.a3 cxd4 7.exd4 Ne4 8.Qc2 Nxc3
9.Qxc3 dxc4 10.Bxc4 Be7 11.O-O Bf6 12.Rd1 O-O 13.Bf4 Bd7 14.Qd3 Ne7 15.Be5 Bc6
16.Bxf6 gxf6 17.Nd2 Kh8 18.Nf1 Rg8 19.Ne3 Ba4 20.Rd2 Ng6 21.Qb3 Qa5 22.Qb4 Qh5
23.d5 e5 24.Bf1 Nf4 25.g3 Nh3+ 26.Kh1  0-1

[Event "ROM-chT"]
[Site "ROM"]
[Date "1994.??.??"]
[Round "?"]
[White "Lazar, Dorin"]
[Black "Musat, Adrian"]
[Result "1/2-1/2"]
[WhiteElo "2240"]
[BlackElo "2350"]

1.c4 Nf6 2.Nf3 e6 3.Nc3 c5 4.g3 Nc6 5.Bg2 d5 6.cxd5 Nxd5 7.Nxd5 exd5 8.d4 Be7
9.O-O O-O 10.Be3 c4 11.Ne5 Na5 12.Bd2 Nc6 13.Nxc6 bxc6 14.Re1 Be6 15.Bc3 Re8
16.Qa4 Qd7 17.e4 f6 18.exd5 Bxd5 19.Bf1 h5 20.Bxc4 Kf7 21.Re3 Bd8 22.Rxe8 Kxe8
23.Qb3 Kf7 24.Bxd5+ cxd5 25.Re1 Bb6 26.Qd1 Qf5 27.Re3 Re8 28.Rxe8 Kxe8 29.Qe2+ Kf7
30.a4 h4 31.Kg2 h3+ 32.Kg1 Qb1+ 33.Qf1 Qe4 34.Qxh3 Bxd4 35.Qd7+ Kg6 36.Bxd4 Qxd4
37.Qe8+ Kh7 38.Qb5 Qe4 39.Kf1 d4 40.Qb4 a5 41.Qe1 Qf3 42.Qe8 Qf5 43.Qb5 Qe4
44.Qh5+ Kg8 45.f3 Qd3+ 46.Kg2 Qe2+ 47.Kg1 Qd1+ 48.Kf2 Qc2+ 49.Kg1 Qd1+ 50.Kf2 Qd2+
51.Kf1 Qd3+ 52.Kf2  1/2-1/2

[Event "ROM-chT"]
[Site "ROM"]
[Date "1994.??.??"]
[Round "?"]
[White "Badea, Bela"]
[Black "Ionescu, Constantin"]
[Result "1/2-1/2"]
[WhiteElo "2380"]
[BlackElo "2440"]

1.c4 Nf6 2.Nc3 c5 3.Nf3 e6 4.g3 b6 5.Bg2 Bb7 6.O-O a6 7.Re1 Be7 8.e4 d6 9.d4 cxd4
10.Nxd4 Qc7 11.Be3 Nbd7 12.f4 O-O 13.Rc1  1/2-1/2

[Event "ROM-chT"]
[Site "ROM"]
[Date "1994.??.??"]
[Round "?"]
[White "Badea, Bela"]
[Black "Cosma, Ioan"]
[Result "1-0"]
[WhiteElo "2380"]
[BlackElo "2435"]

1.c4 Nf6 2.Nc3 c5 3.Nf3 e6 4.g3 b6 5.Bg2 Bb7 6.O-O d6 7.Re1 Ne4 8.Nxe4 Bxe4
9.d3 Bb7 10.e4 e5 11.Nh4 g6 12.f4 Bg7 13.f5 Nc6 14.Rf1 Nd4 15.Nf3 Bc6 16.Nxd4 cxd4
17.f6 Bf8 18.g4 g5 19.Bxg5 h5 20.gxh5 Bh6 21.Bxh6 Rxh6 22.Qg4 Rh8 23.Qg7 Rf8
24.h6 Kd7 25.h7 Kc7 26.Rf5 Bd7 27.Rh5 Qe8 28.Kh1 Rh8 29.Bh3 Bxh3 30.Rxh3 Qe6
31.Rg3 b5 32.b3 bxc4 33.bxc4 Raf8 34.Rag1 a5 35.Qh6 Qc8 36.Rg7 Kc6 37.Qh4 a4
38.Qg4 Qd8 39.Qf5 Qb8 40.Qh5 Qe8 41.Qd1 Kc7 42.Qd2 Qc6 43.Qa5+ Kd7 44.Qa7+  1-0

[Event "San Mateo"]
[Site "San Mateo"]
[Date "1994.??.??"]
[Round "?"]
[White "Leski, Marc"]
[Black "Torres, Javier"]
[Result "1-0"]
[WhiteElo "2440"]
[BlackElo "2335"]

1.Nf3 Nf6 2.c4 c5 3.Nc3 e6 4.g3 b6 5.Bg2 Bb7 6.d4 cxd4 7.Qxd4 d6 8.O-O Be7
9.b3 O-O 10.Rd1 Nbd7 11.e4 a6 12.Ba3 Nc5 13.e5 dxe5 14.Qxd8 Rfxd8 15.Nxe5 Bxg2
16.Kxg2 Bf8 17.Bxc5 Bxc5 18.Na4 Bd4 19.Nc6 Bxa1 20.Nxd8 g6 21.Nc6  1-0

[Event "San Sebastian op"]
[Site "San Sebastian"]
[Date "1994.??.??"]
[Round "9"]
[White "Alvarez Ibarra, D Rafael"]
[Black "Cuadras, Jorge"]
[Result "1-0"]
[WhiteElo "2435"]
[BlackElo "2310"]

1.Nf3 c5 2.c4 Nf6 3.Nc3 e6 4.e3 d5 5.d4 cxd4 6.exd4 Bb4 7.cxd5 Nxd5 8.Bd2 O-O
9.Bd3 Bxc3 10.bxc3 Nd7 11.c4 N5f6 12.O-O Qc7 13.Rc1 b6 14.c5 bxc5 15.dxc5 a5
16.c6 Nb6 17.Qe2 Nbd5 18.a4 Nf4 19.Bxf4 Qxf4 20.Bb5 Nd5 21.Rfd1 Ra7 22.Qe5 f6
23.Qe1 Qb4 24.Nd4 Qxe1+ 25.Rxe1 Kf7 26.Bc4 Rd8 27.Nb5 Re7 28.c7 Rdd7 29.Bxd5 Rxd5
30.Rcd1 Kf8 31.f3 g5 32.Kf2 Ba6 33.Rxd5 exd5 34.Rc1  1-0

[Event "Sevilla op"]
[Site "Sevilla"]
[Date "1994.??.??"]
[Round "4"]
[White "Suba, Mihai"]
[Black "De la Villa Garcia, Jesus Maria"]
[Result "1/2-1/2"]
[WhiteElo "2525"]
[BlackElo "2470"]

1.c4 c5 2.Nf3 Nf6 3.Nc3 d5 4.cxd5 Nxd5 5.e3 e6 6.d4 cxd4 7.exd4 Nc6 8.Bd3 Bb4
9.Bd2 Be7 10.O-O O-O 11.Rc1 Ndb4 12.Bb1 Nxd4 13.Nxd4 Qxd4 14.Nb5 Qd8 15.Nc7 Rb8
16.Qh5 g6 17.Qh6 Nd5 18.Rfd1 Bf6 19.Bb4 Bxb2 20.Nxd5 exd5 21.Bxf8 Qxf8 22.Qxf8+ Kxf8
23.Rc2 Ba3 24.Rd3 Be7 25.Rxd5 Be6 26.Rd1 b6 27.h3 Bc5 28.Rcd2 Kg7 29.a4 a5
30.Ba2 Bxa2 31.Rxa2 Re8 32.g4 Re4 33.Kg2 g5 34.Kg3 h5 35.gxh5 Kh6 36.f3 Rf4
37.Rd5 Kxh5 38.Rh2 Rh4 39.Ra2 Kg6 40.Rd8 Rc4 41.Rg8+ Kf5 42.Re8 f6 43.Re1 Rb4
44.Kg2 Kf4 45.Rd1 Kf5  1/2-1/2

[Event "Sevilla op"]
[Site "Sevilla"]
[Date "1994.??.??"]
[Round "9"]
[White "Pogorelov, Ruslan"]
[Black "Vasquez, Rodrigo"]
[Result "0-1"]
[WhiteElo "2415"]
[BlackElo "2490"]

1.Nf3 c5 2.c4 Nf6 3.Nc3 e6 4.g3 b6 5.Bg2 Bb7 6.O-O d6 7.b3 Nbd7 8.Bb2 a6
9.e3 Be7 10.d4 Rb8 11.d5 exd5 12.cxd5 O-O 13.Nh4 Re8 14.Nf5 Bf8 15.g4 h6
16.h3 b5 17.Ng3 Nb6 18.e4 b4 19.Nce2 a5 20.a3 Nfd7 21.axb4 axb4 22.Qd2 Bc8
23.Ra2 g6 24.Ba1 Bg7 25.Bxg7 Kxg7 26.Kh1 Qh4 27.f4 Nf6 28.Kg1 Nfd7 29.Rf3 Kg8
30.Ra7 Rb7 31.Rxb7 Bxb7 32.Re3 Ba6 33.Kh2 Qf6 34.Ng1 Qxf4 35.Qe1 Ne5 36.Nf3 Nbd7
37.Nxe5 Nxe5 38.Kg1 Bb5 39.Nh1 Ra8 40.Nf2 Ra2 41.Nd1 Ra1  0-1

[Event "Sitges op"]
[Site "Sitges"]
[Date "1994.??.??"]
[Round "1"]
[White "Lara Hernandez, Mariselva"]
[Black "Gasimov, Ragim"]
[Result "0-1"]
[WhiteElo "2215"]
[BlackElo "2420"]

1.c4 Nf6 2.Nc3 c5 3.Nf3 b6 4.e4 d6 5.d4 cxd4 6.Nxd4 Bb7 7.f3 e6 8.Bg5 a6
9.Be2 Nbd7 10.O-O Be7 11.Kh1 Rc8 12.Rc1 O-O 13.Qe1 Rc5 14.Be3 Qa8 15.Qg3 Re8
16.Qf2 Rcc8 17.Nc2 Bd8 18.Rfd1 Bc7 19.Qh4 Ne5 20.Bg5 Nfd7 21.Qh3 Ng6 22.Nd4 h6
23.Be3 Nf6 24.Bf2 Nf4 25.Qh4 d5 26.cxd5 exd5 27.exd5 Nxe2 28.Ndxe2 Nxd5 29.Ng3 Bf4
30.Rb1 Bg5 31.Qg4 Nf6 32.Qf5 b5 33.Nge4 Nxe4 34.Nxe4 Bxe4 35.fxe4 Qxe4 36.Qh3 Qc2
37.Rf1 Re6 38.Bd4 Rd8 39.Bc3 Qd3 40.Qh5 Qg6 41.Qxg6 Rxg6 42.Rbd1 Rgd6 43.Rxd6 Rxd6
44.g3 Re6 45.Re1 Bf6  0-1

[Event "Sitges op"]
[Site "Sitges"]
[Date "1994.??.??"]
[Round "2"]
[White "Gallego, A."]
[Black "Spassov, Liuben"]
[Result "1-0"]
[WhiteElo "2170"]
[BlackElo "2425"]

1.c4 c5 2.Nf3 Nf6 3.Nc3 d5 4.cxd5 Nxd5 5.d4 e6 6.e4 Nxc3 7.bxc3 cxd4 8.cxd4 Nc6
9.a3 Be7 10.Be2 O-O 11.O-O b6 12.Bb2 Bf6 13.Rc1 Bb7 14.Qd2 Rc8 15.Qe3 Qd7
16.Bc4 Rfd8 17.Rfd1 Na5 18.Ba2 Qa4 19.Qd3 b5 20.Bb1 g6 21.Bc2 Qc4 22.e5 Be7
23.Nd2 Qd5 24.f3 a6 25.Bb3 Qd7 26.Ne4 Bd5 27.Bxd5 Qxd5 28.Bc3 Nc6 29.Qe3 Kg7
30.Bb2 Na5 31.Qf4 Qb3 32.Bc3 Rxc3 33.Nxc3 Rc8 34.Ne4  1-0

[Event "SLO-ch U18"]
[Site "?"]
[Date "1994.??.??"]
[Round "?"]
[White "Petek, Pavel"]
[Black "Solmajer, Luka"]
[Result "1/2-1/2"]
[WhiteElo "2105"]
[BlackElo "1965"]

1.c4 Nf6 2.Nc3 c5 3.Nf3 e6 4.e4 Nc6 5.d4 cxd4 6.Nxd4 Bb4 7.Nxc6 bxc6 8.e5 Ne4
9.Bd2 Nxd2 10.Qxd2 d5 11.exd6 Qxd6 12.Qxd6 Bxd6 13.O-O-O Be7 14.g3 Bb7 15.Bg2 Rd8
16.Nb5 cxb5 17.Bxb7 bxc4 18.Bc6+ Kf8 19.Rxd8+ Bxd8 20.Rd1 Bb6 21.Bb5 Ke7
22.Rd7+ Kf6 23.f3 Rc8 24.Kc2 Rc5 25.a4 Rf5 26.Bc6 h6 27.g4 Re5 28.Be4 Ra5
29.Bc6 Rc5 30.Bb5 Bc7 31.h3 a5 32.h4 Be5 33.Ra7 c3 34.b3 Bc7 35.Bc4 Be5  1/2-1/2